000
00342 a2200157 4500
001
170846
020
_a
040
_c
Magnum
100
_a
Ezequiel, Renato
240
1
0
_a
O homem e deus quando cria
_l
por
245
1
0
_a
O homem e deus quando cria
362
0
_a
1899
440
1
_a
Armazém de Idéias
697
_a
A/FICCAO
942
_c
BK
999
_c
170846
_d
170846